Smart Wrist Band / (Record no. 615967)

000 -LEADER
fixed length control field 00662nam a22001697a 4500
003 - CONTROL NUMBER IDENTIFIER
control field NUST
082 ## - DEWEY DECIMAL CLASSIFICATION NUMBER
Classification number 621.382,SHA
100 ## - MAIN ENTRY--PERSONAL NAME
Personal name Shafique, Khawaja Arsalan
9 (RLIN) 132992
245 ## - TITLE STATEMENT
Title Smart Wrist Band /
Statement of responsibility, etc. Khawaja Arsalan Shafique, Sohail Ahmed, Ayub Nathaniel and Nauman Anaar (BETE-54 .TCC-29)
260 ## - PUBLICATION, DISTRIBUTION, ETC.
Place of publication, distribution, etc. Rawalpindi
Name of publisher, distributor, etc. MCS (NUST)
Date of publication, distribution, etc. JUNE, 2021
300 ## - PHYSICAL DESCRIPTION
Extent vii, 49 p.;
505 ## - FORMATTED CONTENTS NOTE
Formatted contents note Introduction (Page-x), Methodology (Page-13), Coding and Simulation Result (Page-31), Conclusion (Page-49), References (Page-50).
650 ## - SUBJECT ADDED ENTRY--TOPICAL TERM
Topical term or geographic name entry element UG Project
9 (RLIN) 131132
651 ## - SUBJECT ADDED ENTRY--GEOGRAPHIC NAME
Geographic name (BETE-54 .TCC-29)
9 (RLIN) 132912
700 ## - ADDED ENTRY--PERSONAL NAME
Personal name Supervised by Dr. Imran Touqir
9 (RLIN) 132440
942 ## - ADDED ENTRY ELEMENTS (KOHA)
Source of classification or shelving scheme
Koha item type Project Report
Holdings
Withdrawn status Lost status Source of classification or shelving scheme Damaged status Not for loan Permanent Location Current Location Shelving location Date acquired Total Checkouts Full call number Barcode Date last seen Price effective from Koha item type Public note
          Military College of Signals (MCS) Military College of Signals (MCS) Reference 01/30/2026   621.382,SHA MCSPTE-310 01/30/2026 01/30/2026 Project Report Almirah No.90, Shelf No.5
© 2023 Central Library, National University of Sciences and Technology. All Rights Reserved.